00757nam a2200241Ia 450000500170000000800410001702000220005804000190008004100120009908200130011124500650012426000390018930000100022850400500023863000130028865000240030165100180032570000250034385000100036894200070037899900170038595201130040220210901142652.0131103s9999 xx 000 0 und d a761932917cRs 395 aLoreto College aEnglish a320bDAS 4aThe changing face of globalizationcEdited by Samir Dasgupta aNew delhibSage Publicationsc2004 a332p  aIncludes bibliographical references and index aPolitics aPolitical Sociology aGlobalisation 4ed.aDasgupta, Samar aLCLIB cBK c19982d70461 00102ddc4070aMAINbMAINd2013-11-04l1m2o320 DAS 46459pB21774r2014-03-07s2013-11-12w2013-11-04yBK